000 00698nam a2200241 a 4500
001 BRL_793
005 20190320210912.0
008 071013s1926----gw-a######---#000-0#ger-#
041 _ager
044 _agw
050 4 _aDS71
_b.B49 1926
100 1 _aBezold, Carl
_924968
245 1 0 _aNinive und Babylon
_cvon C. Bezold ; Vierte auflage bearbeitet von C. Frank.
250 _a4a ed.
260 _aBielefeld
_bVelhagen & Klasing
_c1926
300 _a179 p.
_bil. (algunas a color)
_c26 cm.
440 0 _aMonographien zur Weltgeschichte
_v18
_924969
500 _aAu901
650 1 4 _aCivilización asirio-babilónica
_924970
700 1 _aFrank, Carl
_924971
902 _aGRL
942 _2lcc
_cB
999 _c9605
_d9605